| 000 | 00765nam a22002057a 4500 | ||
|---|---|---|---|
| 005 | 20251108170934.0 | ||
| 008 | 250721s1995 xx 000 0 ara d | ||
| 082 | 1 | 4 | _a338.9173052/ثار |
| 100 | 1 | _aثارو، لستر | |
| 245 | 1 | 0 |
_aالصراع على القمة : _bمستقبل المنافسة بين أمريكا و اليابان / |
| 264 | 1 |
_aالكويت : _bالمجلس الوطني للثقافة و الفنون و الآداب، _c1995. |
|
| 300 | _a381ص. | ||
| 490 | 0 | _aعالم المعرفة ؛204 | |
| 650 | 1 | 7 | _aالعلاقات الإقتصادية الدولية |
| 650 | 1 | 7 | _aالولايات المتحدة |
| 650 | 1 | 7 | _aاليابان |
| 700 | 1 |
_aبلبع، أحمد فؤاد _eترجمة |
|
| 942 |
_2ddc _cBK |
||
| 999 |
_c52572 _d52572 |
||